Sanat - "Nyt tuulet nuo viestin jo toivat" - Statistics

Yleistilastot
  • Tätä visaa on pelattu 7 kertaa
  • Keskiarvotulos 49 / 94
Vastaustilastot
Vastaus % Oikein
astua
100%
jo
100%
laineiden
100%
100%
100%
nuo
100%
Nyt
100%
nyt
100%
purtehen
100%
saan
100%
soivat
100%
toivat
100%
tuulet
100%
viestin
100%
kun
86%
kun
86%
Kun
86%
kun
86%
Kun
86%
kun
86%
laulelot
86%
merta
86%
samoamaan
86%
ja
71%
ja
71%
ja
71%
ja
71%
käyn
71%
näin
71%
näin
71%
näin
71%
näin
71%
niin
71%
niin
71%
niin
71%
niin
71%
ne
57%
aurinko
43%
innolla
43%
ken
43%
ken
43%
ken
43%
ken
43%
laulut
43%
luo
43%
maalla
43%
meri
43%
tartumme
43%
touveihin
43%
tuo
43%
tuo
43%
aavoille
29%
heittävät
29%
kaikuvat
29%
kuin
29%
kultiaan
29%
laulumme
29%
lyö
29%
maillensa
29%
merten
29%
mylvivi
29%
myrsky
29%
myrskyt
29%
on
29%
on
29%
pelvotta
29%
purjeissa
29%
purttamme
29%
raikkahin
29%
raikuvi
29%
silloin
29%
silloin
29%
silloin
29%
silloin
29%
sydän
29%
synkkä
29%
taas
29%
taukoaa
29%
täysi
29%
työ
29%
tyrskyt
29%
tyyneksi
29%
ulappa
29%
vaan
29%
vain
29%
vaipuu
29%
viihtyisi
29%
vinkuen
29%
29%
aavat
14%
elohon
14%
meille
14%
sisällön
14%
taipuu
14%
Ehtoja vastaavia visoja ei löytynyt
Tulosjakauma
Jokaisen tuloksen saaneiden osuus
Persentiili vastausten määrän mukaan
Tuloshistoriasi
Et ole pelannut tätä visaa